Manual de referencia de la ingeniería medioambiental
Сохранить в:
| Главный автор: | |
|---|---|
| Формат: | |
| Язык: | испанский |
| Опубликовано: |
Madrid
McGraw-Hill
2003
|
| Редактирование: | 1a. ed |
| Предметы: | |
| Метки: |
Добавить метку
Нет меток, Требуется 1-ая метка записи!
|
MARC
| LEADER | 00000nam a2200000 a 4500 | ||
|---|---|---|---|
| 001 | UCL3148 | ||
| 003 | CL-VaPUC | ||
| 008 | 031114e20030000SP |||||||||||||||||spa|d | ||
| 020 | |a 8448135962 | ||
| 082 | 0 | 4 | |a 628 |b COR |2 21 |
| 100 | 0 | |a Corbitt, Robert A |e author |9 480385 | |
| 245 | 1 | 0 | |a Manual de referencia de la ingeniería medioambiental |
| 250 | |a 1a. ed | ||
| 300 | |a pág. irreg | ||
| 942 | |c BK | ||
| 945 | |d 20031114 00:00:00 |a cmena | ||
| 260 | |a Madrid |b McGraw-Hill |c 2003 | ||
| 650 | 0 | |a Ingeniería ambiental |9 328689 | |
| 650 | 0 | |a Protección del medio ambiente |9 257626 | |
| 650 | 0 | |a Derecho ambiental |9 257835 | |
| 650 | 0 | |a Control de calidad |9 259714 | |
| 650 | 7 | |a CONTAMINACION |2 CL-VaPUC |9 258139 | |
| 650 | 0 | |a Residuos |9 343036 | |
| 650 | 0 | |a Normalización |9 262666 | |
| 583 | |a last modification |c 20031114 00:00:00 |k Rodrigo Vera | ||
| 999 | |c 306274 |d 306272 | ||
| 952 | |0 0 |1 0 |2 ddc |4 0 |6 628_000000000000000_COR_2003 |7 0 |8 A |9 371191 |a BIBING |b BIBING |c RES |d 2019-11-21 |i 396504K |o 628 COR 2003 |p 396504K |r 2025-01-20 |w 2019-11-21 |y BK |k CCL | ||
| 952 | |0 0 |1 0 |2 ddc |4 0 |6 628_000000000000000_COR_2003 |7 0 |8 A |9 371192 |a BIBING |b BIBING |c RES |d 2019-11-21 |i 3973166 |o 628 COR 2003 |p 3973166 |r 2025-01-20 |w 2019-11-21 |y BK |k EIQ | ||
| 952 | |0 0 |1 0 |2 ddc |4 0 |6 628_000000000000000_COR_2003 |7 0 |8 A |9 371193 |a BIBING |b BIBING |c RES |d 2019-11-21 |i 4007603 |o 628 COR 2003 |p 4007603 |r 2025-01-20 |w 2019-11-21 |y BK |k CCL | ||
| 952 | |0 0 |1 0 |2 ddc |4 0 |6 628_000000000000000_COR_2003 |7 0 |8 A |9 371194 |a BIBING |b BIBING |c RES |d 2019-11-21 |i 4522052 |o 628 COR 2003 |p 4522052 |r 2025-01-20 |w 2019-11-21 |y BK |k EIQ | ||